000 00687cam a2200229 4500500
005 20260405001508.0
041 _afre
042 _adc
100 1 0 _aGarnier, Philippe
_eauthor
245 0 0 _aChristian Boltanski : « L’artiste a un miroir à la place du visage »
260 _c2013.
500 _a79
690 _aChristian Boltanski
690 _aDisparition
690 _aMémoire
690 _aObjet
690 _aQuotidien
690 _aShoah
690 _aTemps
786 0 _nPhilosophie magazine | 70 | 6 | 2013-06-01 | p. 29-29 | 1951-1787
856 4 1 _uhttps://shs.cairn.info/magazine-philosophie-magazine-2013-6-page-29?lang=fr&redirect-ssocas=7080
999 _c2048273
_d2048273